000 00996nam a22003017a 4500
001 4910
003 FISKH
005 20250818095520.0
008 241024b cb ||||| |||| 00| 0 eng d
020 _a9780545451895
040 _aFISKH
_beng
_cFISKH
_dFISKH
050 _aQL737.M33
082 _a599.2
100 _aPallotta, Jerry
_d(1953-)
245 _aWho would win? wolverine vs. tasmanian devil /
_cBy Jerry Pallotta Illustrated by Rob Bolster
250 _aFirst printing in 2013
260 _aNew York :
_bScholastic,
_c2013.
300 _a31 pages :
_bColor illustrations ;
_c23 cm
505 _aS
520 _aContains facts about Tasmanian devils and wolverines, comparing such aspects as their sizes, brain structure, and abilities.
521 8 _a710L
_bLexile
521 8 _aS
_bRaz-Plus
650 _2Tasmanian devil
_aInformational
650 _2Non-fiction
_aCompare and contrast
700 _aBolster, Rob
_dIllustrator
942 _2ddc
_cBK
_n0
999 _c4910
_d4910